Текст томруулах:    
Managing for the future (Бичлэгийн дугаар. 146055)
000 -УДИРДЛАГА
Удирдлага 00767nam a22002777a 4500
003 - ХЯНАЛТЫН ТОО ТОДОРХОЙЛОГЧ
Код MN-UlNUM
005 - БИЧИЛТ ХИЙСЭН ОГНОО
Тухайн бичилтийг бичсэн засварласан сүүлийн огноо 20260102161347.0
008 - ЕРӨНХИЙ МЭДЭЭЛЭЛ
Ерөнхий мэдээлэл 260102s1993 nyua|||| |||| 001 0 eng |
020 ## - ISBN
ISBN 0452269849
040 ## - БИЧЛЭГ ҮҮСГЭГЧ БАЙГУУЛЛАГА
Бичлэг үүсгэгч номын сангийн код МУИС-ийн номын сан
084 ## - ББК АНГИЛАЛ
Нэмэлт тусгалт Бусад
ББК ангилал 65.290-2
Зохиогчийн гурван тэмдэгт D 83
Мэдлэгийн ялгаа 65 - Эдийн засаг
100 1# - ЗОХИОГЧ
Зохиогчийн нэр Drucker, Peter F. $q (Peter Ferdinand)
Зохиогчийн огноо 1909-2005.
245 10 - ҮНДСЭН ГАРЧИГ
Номын нэр Managing for the future
Бага гарчгийн мэдээ The 1990s and beyond
Оролцогчдын тухай мэдээ Peter F. Drucker.
260 ## - ГАРАЛТЫН МЭДЭЭ
Хэвлэгдсэн газар New York :
Хэвлэлийн газар Truman Talley Books/Plume,
Хэвлэгдсэн он [1993]
300 ## - МАТЕРИАЛЫН ТОДОРХОЙЛОЛТ
хуудасны тоо xiii, 370 p. :
Бусад тоон мэдээлэл ill. ;
Хэмжээ 21 cm.
500 ## - Тайлбар
Дансны дугаар БС 4820
546 ## - ХЭЛНИЙ ТУХАЙ МЭДЭЭ
Хэл Англи хэл дээр,
653 ## - Түлхүүр үг
Түлхүүр үг management
653 ## - Түлхүүр үг
Түлхүүр үг organization
740 ## - НОМЫН ГАРЧИГ
Гарчиг Economics
740 ## - НОМЫН ГАРЧИГ
Гарчиг People
740 ## - НОМЫН ГАРЧИГ
Гарчиг Management
740 ## - НОМЫН ГАРЧИГ
Гарчиг The organization
942 ## - ЭЛЕМЕНТИЙН ТӨРӨЛ
Зүйлийн төрөл Ном